| 000 | 01580nam2a22002651 4500 | ||
|---|---|---|---|
| 001 | rc\4123395 | ||
| 005 | 20250611101132.0 | ||
| 021 |
_aRU _b[60-76801] |
||
| 035 | _a(NLR Aleph) 008153314 | ||
| 090 |
_a7783485 _c7783485 |
||
| 100 | _a20130415d1960 |||y0rusy50 ca | ||
| 101 | 0 | _arus | |
| 102 | _aRU | ||
| 105 | _ay z ||||| | ||
| 200 | 1 |
_aПериод после второй мировой войны _f[Ред. коллегия: проф. Н.А. Смирнов и др.] _gМоск. гос. ун-т им. М.В. Ломоносова. [Ин-т вост. яз.] |
|
| 210 |
_d1960 _aБ. м. |
||
| 215 |
_a352 с. _d24 |
||
| 461 | 0 |
_1001rc\4123391 _12001#$aНовейшая история стран зарубежного Востока$f[Ред. коллегия: проф. И.М. Рейснер и др.]$gМоск. ордена Ленина гос. ун-т им. М.В. Ломоносова. [Ист. фак. Отд-ние истории стран зарубежного Востока]. Вып. 1-$vВып. 4 _97783477 _cМосква _d1954-1960 _f[Ред. коллегия: проф. И.М. Рейснер и др.] _nИзд-во Моск. ун-та _tНовейшая история стран зарубежного Востока _vВып. 4 |
|
| 702 | 1 |
_4340 _7ca _8rus _aСмирнов _bН. А. _cд-р ист. наук, востоковедение _f1896-1983 _gНиколай Александрович _9245052 _3RU\NLR\AUTH\770245108 |
|
| 801 | 0 |
_aRU _bNLR _gpsbo |
|
| 801 | 1 |
_aRU _bELAR _2rusmarc |
|
| 852 |
_aNLR _jИ90 Г-5/27 |
||
| 942 | _cBOOK | ||
| 980 | _aNB | ||